แสดงรายละเอียดบรรณานุกรม
  กลับหน้าหลัก

Brief Record : Get Marc (ISO 2709) : E-mail record : QR code ปิดหน้าต่าง
E-books : เกี่ยวกับ Collections
LEADER 00000nam 2200000uu 4500
001    211002
003     ULIBM
008    160531s||||||||th 000 0 tha d
020    978-974-9510-61-2
060  0 WS450 ป713ก 2558
245 00 ^aการเป็นหนุ่มสาวก่อนวัย=^bPrecocious puberty/^cบรรณาธิการ,เปรมฤดี ภูมิถาวร.
246 00 ^aPrecocious puberty
250    ^aพิมพ์ครั้งที่ 1
260    ^aกรุงเทพฯ:^bโฮลิสติก พับลิชชิ่ง,^c2558.
300    ^a240 หน้า:^bภาพประกอบ;^c27 ซม.
650  0 ^aหนุ่มสาวก่อนวัย
650  0 ^aพัฒนาการทางเพศ
650  0 ^aฮอร์โมนการเจริญเติบโต
650  0 ^aPuberty precocious
999    ^aใช้งานได้ทุกระบบ
รายการนี้ยังไม่มีแท็ก
คุณยังไม่ได้ล็อกอิน คุณสามารถมีกิจกรรมร่วมกับเว็บไซต์ได้ แต่ต้องล็อกอินก่อน ::
  ล็อกอิน
ลำดับที่ ประเภท เลขเรียก สถานที่ สถานะ
1. หนังสือทั่วไป
หนังสือทั่วไป
WS450 ป713ก 2558 ฉ.1 
  
การพยาบาลเด็ก On Shelf
  ขอยืม
Note:จัดซื้อปีงบ 59
2. หนังสือทั่วไป
หนังสือทั่วไป
WS450 ป713ก 2558 ฉ.2 
  
การพยาบาลเด็ก On Shelf
  ขอยืม
Note:จัดซื้อปีงบ 59
   [แสดง 2/2 รายการ]

BibComment


ยังไม่เคยถูกคอมเมนท์

คอมเมนท์ทรัพยากรรายการนี้
  คอมเมนท์: การเป็นหนุ่มสาวก..
Bib 211002

 
 
 

 Union Library Management : ULibM
Copyright 2026. All Rights Reserved.
скачать бесплатно без регистрации порно красивый секс HD Sex Hindi sex

xxx gou

xxxx

bfxxx

xxxwww

Секса Видео

xxxx

Секса Видео

detube

geilexxx

C99 Shell

worms shell

blod xxx video
Ebony Coed Rihanna Rimes Takes A Dick In Her Young Twat priyaa indian fuck anal and pusssy hardcore indian women xxx desi hardcore fucking part 1 bengalixxxcouple